|
|
|
|
| LEADER |
00000nam a2200000 a 4500 |
| 001 |
vtls001473028 |
| 003 |
SK-MaSNL |
| 005 |
20260301163705.0 |
| 008 |
240315s1959 xr a g 0000p cze |
| 020 |
|
|
|q (viaz.)
|
| 035 |
|
|
|a SNK000428330
|
| 040 |
|
|
|a SNK
|b slo
|c SNK
|e AACR2
|
| 041 |
1 |
|
|a cze
|h per
|
| 044 |
|
|
|a xr
|c CZ
|
| 072 |
|
7 |
|a 821
|x Literatúry v rôznych jazykoch
|2 konspekt
|
| 080 |
|
|
|a 821.222.1-1
|2 2001
|
| 080 |
|
|
|a (0:82-13)
|2 2001
|
| 100 |
1 |
|
|a Nizámí, Iljás,
|d ca 1141-1209
|4 aut
|9 530062
|
| 240 |
1 |
0 |
|a Haft pajkar
|l Česky
|
| 245 |
1 |
0 |
|a Sedm princezen
|c Iljás bin Júsuf Nizámí ; [z perského originálu podle kritického vydání přeložil a doslov napsal Jan Rypka]
|
| 250 |
|
|
|a 1. vyd.
|
| 260 |
|
|
|a Praha
|b Svět sovětů
|c [1959]
|
| 300 |
|
|
|a 265 s., [16] s. fareb. ilustr. príl.
|b ilustr.
|c 21 cm
|
| 366 |
|
|
|e 10000 výt.
|
| 500 |
|
|
|a Celkovo 4. vyd.
|
| 500 |
|
|
|a Vyd. podľa kritického vyd.: Helmuth Ritter-Jan Rypka z r. 1934 Orientálnym ústavom v Prahe
|
| 504 |
|
|
|a Slovníček
|
| 655 |
|
7 |
|a perzská poézia
|2 SNKPH
|9 83303
|
| 655 |
|
7 |
|a epická poézia
|2 SNKPH
|9 70640
|
| 700 |
1 |
|
|a Rypka, Jan,
|d 1886-1968
|4 trl
|4 aft
|9 111268
|
| 852 |
|
|
|a Štátna vedecká knižnica v Banskej Bystrici
|
| 999 |
|
|
|c 817839
|d 819769
|
| 952 |
|
|
|a SNK
|b SNK
|y VYP
|7 0
|p 17A0425669
|o snkIC 22794
|i snkKIP 1693/59
|0 0
|1 0
|4 0
|d 2004-04-14
|l 0
|r 2005-01-02 00:00:00
|w 2026-02-24
|
| 952 |
|
|
|a SNK
|b SNK
|y NEVYP
|7 0
|p 17A0655221
|o snkIC 22794 D1
|i snkKIP 1694/59
|0 0
|1 1
|4 0
|d 2010-04-30
|l 0
|r 2026-02-24 02:56:31
|w 2026-02-24
|